| 000 | 01047cam a2200301 a 4500 | ||
|---|---|---|---|
| 001 | 16741616 | ||
| 005 | 20170105102344.0 | ||
| 008 | 110419s2011 inua b 001 0 eng | ||
| 010 | _a 2011010818 | ||
| 020 | _a9781587142277 (hardcover) | ||
| 020 | _a1587142279 (hardcover) | ||
| 035 | _a(OCoLC)ocn663953437 | ||
| 040 |
_aDLC _cDLC _dYDX _dBTCTA _dYDXCP _dBWX _dCDX _dDLC |
||
| 042 | _apcc | ||
| 082 | 0 | 0 |
_a004.62 _222 |
| 245 | 0 | 0 |
_aIPv6 for enterprise networks _cShannon McFarland |
| 260 |
_aIndianapolis : _bCisco Press, _cc2011. |
||
| 300 |
_axxi, 372 p. : _bill. ; _c24 cm. |
||
| 490 | 0 | _aNetworking technology series | |
| 504 | _aIncludes bibliographical references and index. | ||
| 650 | 0 | _aTCP/IP (Computer network protocol) | |
| 650 | 0 |
_aComputer networks _xManagement. |
|
| 700 | 1 | _aMcFarland, Shannon. | |
| 830 | 0 | _aCisco Press networking technology series. | |
| 906 |
_a7 _bcbc _corignew _d1 _eecip _f20 _gy-gencatlg |
||
| 942 |
_2ddc _cBK |
||
| 999 |
_c11616 _d11616 |
||